[Event "CAN-op U1200"]
[Site "Windsor CAN"]
[Date "2016.07.17"]
[Round "9.56"]
[White "Ye, Sarah"]
[Black "Zhang, Wendy"]
[Result "1/2-1/2"]
[WhiteElo "869"]
[BlackElo "800"]
[PlyCount "50"]
[EventDate "2016.07.10"]
[EventType "swiss"]
[EventRounds "9"]
[EventCountry "CAN"]

1. e4 e5 2. Nf3 Nc6 3. Bc4 Nf6 4. d3 Bc5 5. Bg5 O-O 6. O-O d6 7. h3 Be6 8. Bb3
a5 9. Nc3 Rb8 10. Ne2 b5 11. a4 bxa4 12. Rxa4 Bd7 13. Ng3 Nd4 14. Nxd4 Bxa4 15.
Bxa4 Bxd4 16. Nh5 Qe7 17. Nxf6+ gxf6 18. Bh6 Qe6 19. Qf3 f5 20. Qg3+ Qg6 21.
Qh4 Rfc8 22. Bd7 f6 23. exf5 Qf7 24. Qg4+ Kh8 25. Be6 Qe7 1/2-1/2

[Event "CAN-op U1200"]
[Site "Windsor CAN"]
[Date "2016.07.17"]
[Round "9.57"]
[White "Arora, Sat"]
[Black "Zhang, William"]
[Result "1-0"]
[WhiteElo "820"]
[BlackElo "461"]
[PlyCount "105"]
[EventDate "2016.07.10"]
[EventType "swiss"]
[EventRounds "9"]
[EventCountry "CAN"]

1. d4 d5 2. Nc3 Nc6 3. Bf4 Nf6 4. h3 Bf5 5. e3 e6 6. Nf3 Bb4 7. a3 Bd6 8. Bd3
Bxf4 9. exf4 Bxd3 10. Qxd3 O-O 11. Ne5 Nxe5 12. fxe5 Ne4 13. Nxe4 dxe4 14. Qxe4
b6 15. O-O-O f6 16. f4 fxe5 17. Qxe5 Rc8 18. Qxe6+ Kh8 19. f5 c5 20. dxc5 Qg5+
21. Kb1 bxc5 22. g4 c4 23. Qd7 c3 24. b3 Rcd8 25. Qxa7 Rxd1+ 26. Rxd1 h6 27.
Rd3 Qf6 28. Qc5 Rd8 29. Rxd8+ Qxd8 30. Qxc3 Qa8 31. a4 Qh1+ 32. Kb2 Kh7 33. Qd3
Kg8 34. Qc4+ Kh7 35. Qf7 Qxh3 36. f6 Qxg4 37. Qxg7+ Qxg7 38. fxg7 Kxg7 39. a5
h5 40. a6 h4 41. a7 h3 42. a8=Q h2 43. Qh1 Kf7 44. Qxh2 Ke7 45. Qd2 Kf6 46. Qd5
Kg7 47. Qe6 Kh8 48. Qe7 Kg8 49. b4 Kh8 50. b5 Kg8 51. b6 Kh8 52. b7 Kg8 53.
b8=R# 1-0

[Event "CAN-op U1200"]
[Site "Windsor CAN"]
[Date "2016.07.17"]
[Round "9.59"]
[White "Locham, Divjot"]
[Black "Tao, Kaitlyn"]
[Result "1/2-1/2"]
[WhiteElo "801"]
[BlackElo "626"]
[PlyCount "59"]
[EventDate "2016.07.10"]
[EventType "swiss"]
[EventRounds "9"]
[EventCountry "CAN"]

1. e4 e5 2. Nf3 Nc6 3. Nc3 Nf6 4. Be2 Bc5 5. Nxe5 Nxe5 6. d4 Bxd4 7. Qxd4 d6 8.
Bf4 O-O 9. O-O-O Bg4 10. Bxe5 dxe5 11. Qxe5 Qe8 12. Qxe8 Rfxe8 13. f3 Bd7 14.
f4 Rad8 15. e5 Bg4 16. Rxd8 Rxd8 17. exf6 Bxe2 18. Nxe2 gxf6 19. Re1 Re8 20.
Rd1 Rxe2 21. Rd7 Rxg2 22. Rxc7 Rf2 23. Rxb7 Rxf4 24. Rxa7 f5 25. a4 Re4 26. a5
f4 27. a6 f3 28. Ra8+ Kg7 29. a7 Ra4 30. Kd2 1/2-1/2

[Event "CAN-op U1200"]
[Site "Windsor CAN"]
[Date "2016.07.17"]
[Round "9.60"]
[White "Wang, Jenna"]
[Black "Wei, Harry"]
[Result "1-0"]
[WhiteElo "741"]
[BlackElo "613"]
[PlyCount "133"]
[EventDate "2016.07.10"]
[EventType "swiss"]
[EventRounds "9"]
[EventCountry "CAN"]

1. d4 d5 2. Nf3 Nf6 3. Nc3 e6 4. Bf4 Nc6 5. e3 Bb4 6. Bd3 Bd6 7. Bg5 e5 8. Qe2
Qe7 9. Bxf6 gxf6 10. O-O Bd7 11. Bb5 O-O-O 12. Rfe1 Rhg8 13. Nxd5 Qe8 14. dxe5
fxe5 15. e4 Bh3 16. g3 Kb8 17. Nf6 Qf8 18. Nxg8 Qxg8 19. Bxc6 bxc6 20. Rab1 Bb4
21. c3 Bc5 22. b4 Bb6 23. c4 Bd4 24. c5 Bc3 25. Red1 Rxd1+ 26. Qxd1 Kc8 27. Rb3
Bd4 28. Nxd4 exd4 29. Rd3 Qg5 30. f4 Qg6 31. Rxd4 Qe6 32. Rd8+ Kb7 33. Qb1 Qc4
34. Rd2 Kc8 35. e5 Qc3 36. Qc2 Qxc2 37. Rxc2 Kd7 38. Rc3 Ke6 39. Ra3 Kd5 40.
Rxa7 Kc4 41. Rb7 Bc8 42. Ra7 Kxb4 43. a4 Kxc5 44. Rxc7 Be6 45. Ra7 Kb4 46. Kf1
c5 47. a5 c4 48. Ke1 c3 49. Kd1 Kb3 50. Kc1 Bf5 51. a6 c2 52. Rxf7 Be4 53. e6
Bd5 54. Re7 Kc4 55. f5 Be4 56. f6 Kd5 57. f7 Bd3 58. a7 Be4 59. a8=Q+ Kd4 60.
Qxe4+ Kxe4 61. f8=Q Kd3 62. Qf4 Kc3 63. Qe4 Kb3 64. Qxc2+ Kb4 65. Rb7+ Ka3 66.
Qc8 Ka4 67. Qa8# 1-0

[Event "CAN-op U1200"]
[Site "Windsor CAN"]
[Date "2016.07.17"]
[Round "9.62"]
[White "Periappuram, Anya"]
[Black "Sivapathasundaram, Nithusa"]
[Result "0-1"]
[WhiteElo "344"]
[BlackElo "638"]
[PlyCount "64"]
[EventDate "2016.07.10"]
[EventType "swiss"]
[EventRounds "9"]
[EventCountry "CAN"]

1. e4 e5 2. Nc3 Nf6 3. Nf3 Nc6 4. Bc4 Bc5 5. d3 O-O 6. O-O d6 7. Be3 Bxe3 8.
fxe3 Bg4 9. Qe1 Bxf3 10. gxf3 Na5 11. Qf2 Nxc4 12. Rad1 Nxb2 13. Rd2 Qe7 14.
Re1 Qe6 15. Nd5 Nxd5 16. exd5 Qxd5 17. Rde2 Qxa2 18. Qf1 Rfe8 19. Rc1 d5 20.
Kf2 e4 21. Ree1 exd3 22. cxd3 Rad8 23. Re2 d4 24. Rxb2 Qxb2+ 25. Ke1 Qxc1+ 26.
Kf2 dxe3+ 27. Kg3 Qxf1 28. Kh4 Qxf3 29. Kg5 Rxd3 30. Kh4 Qg2 31. h3 Re4+ 32.
Kh5 Rd5# 0-1

[Event "CAN-op U1600"]
[Site "Windsor CAN"]
[Date "2016.07.10"]
[Round "1.44"]
[White "Kubik, Rob"]
[Black "Thomson, Bruce"]
[Result "1-0"]
[WhiteElo "1571"]
[BlackElo "1413"]
[PlyCount "93"]
[EventDate "2016.07.10"]
[EventType "swiss"]
[EventRounds "9"]
[EventCountry "CAN"]

1. d4 Nf6 2. Bf4 g6 3. Nf3 Bg7 4. e3 O-O 5. Be2 d6 6. Nbd2 b6 7. c3 Bb7 8. Qc2
Nbd7 9. h3 c5 10. O-O Rc8 11. Rac1 Qe8 12. Nc4 Qd8 13. Ncd2 a6 14. c4 cxd4 15.
exd4 b5 16. b3 Nb6 17. Qd1 bxc4 18. bxc4 Nbd7 19. Rb1 Ba8 20. Qa4 Rc6 21. Be3
Qc7 22. d5 Nc5 23. Bxc5 Rxc5 24. Nb3 Nd7 25. Nxc5 Nxc5 26. Qa3 Bb7 27. Nd2 Bc8
28. Nb3 Bf5 29. Rbc1 Bd3 30. Bxd3 Nxd3 31. Rc2 Qb6 32. Rd1 Nc5 33. Rb1 Rb8 34.
Nd2 Qc7 35. Rxb8+ Qxb8 36. Nb3 Qa7 37. Nxc5 dxc5 38. Qa4 Qb7 39. Rc1 Qb2 40.
Rf1 Be5 41. Qxa6 Qe2 42. Qc8+ Kg7 43. Qxc5 Bd6 44. Qd4+ Kg8 45. a4 Bh2+ 46.
Kxh2 Qxf1 47. a5 1-0

[Event "CAN-op U1600"]
[Site "Windsor CAN"]
[Date "2016.07.10"]
[Round "1.45"]
[White "Kocela, Manuel"]
[Black "Leaden, Bruce"]
[Result "1/2-1/2"]
[WhiteElo "1389"]
[BlackElo "1509"]
[PlyCount "97"]
[EventDate "2016.07.10"]
[EventType "swiss"]
[EventRounds "9"]
[EventCountry "CAN"]

1. d4 e6 2. Nf3 d5 3. Bf4 Bd6 4. Bg5 f6 5. Bh4 Ne7 6. e3 O-O 7. Nbd2 c5 8. c3
Bd7 9. Bd3 Be8 10. Bg3 Bg6 11. Be2 cxd4 12. Nxd4 Bf7 13. Nb5 e5 14. Nb3 Nbc6
15. Na3 Bxa3 16. bxa3 Na5 17. O-O Rc8 18. Rc1 Nc4 19. Bxc4 dxc4 20. Qxd8 Rfxd8
21. Na1 Nf5 22. Nc2 Nxg3 23. hxg3 a5 24. Rfd1 Rd3 25. Ne1 Rdd8 26. Rb1 Bd5 27.
Rb5 Bc6 28. Rxd8+ Rxd8 29. Rxa5 Rd1 30. Kf1 Rc1 31. f4 e4 32. Rc5 Rxc3 33. a4
Bxa4 34. Rc8+ Kf7 35. Rc7+ Kg6 36. Rxb7 Rxe3 37. Rb4 Ra3 38. Kf2 Rxa2+ 39. Kg1
Bb3 40. g4 Ra8 41. Kf2 Rd8 42. Ke3 h5 43. g3 hxg4 44. Ng2 Re8 45. Nh4+ Kf7 46.
Nf5 Re6 47. Nd4 Re8 48. Nf5 Re6 49. Nd4 1/2-1/2

[Event "CAN-op U1600"]
[Site "Windsor CAN"]
[Date "2016.07.10"]
[Round "1.46"]
[White "Young, John"]
[Black "Mathews, Joshua"]
[Result "1-0"]
[WhiteElo "1469"]
[BlackElo "1366"]
[PlyCount "43"]
[EventDate "2016.07.10"]
[EventType "swiss"]
[EventRounds "9"]
[EventCountry "CAN"]

1. e4 e5 2. Nf3 Nc6 3. d4 exd4 4. c3 dxc3 5. Nxc3 Bc5 6. Bc4 Nf6 7. e5 Ng4 8.
Bxf7+ Kxf7 9. Qd5+ Ke8 10. Qxc5 Qe7 11. Qxe7+ Nxe7 12. O-O c6 13. b3 Kd8 14. h3
Nh6 15. Ba3 Nf7 16. Rad1 Ke8 17. Rfe1 h6 18. Nd4 g6 19. e6 dxe6 20. Nxe6 Bxe6
21. Rxe6 Kf8 22. Rxe7 1-0

[Event "CAN-op U1600"]
[Site "Windsor CAN"]
[Date "2016.07.10"]
[Round "1.47"]
[White "Gaur, Shivan"]
[Black "Dimou, Tom"]
[Result "0-1"]
[WhiteElo "1267"]
[BlackElo "1458"]
[PlyCount "84"]
[EventDate "2016.07.10"]
[EventType "swiss"]
[EventRounds "9"]
[EventCountry "CAN"]

1. d4 d5 2. c4 e6 3. Nf3 Nf6 4. g3 c5 5. cxd5 exd5 6. Bg2 h6 7. O-O Bd6 8. dxc5
Bxc5 9. Bf4 O-O 10. Nc3 Nc6 11. Qc2 Bd6 12. Be3 Be6 13. a3 Rc8 14. Qa4 Qd7 15.
Rfd1 a6 16. Rac1 Rfd8 17. Nd4 Bh3 18. Nxd5 Nxd5 19. Bxd5 Nxd4 20. Qxd4 b5 21.
f3 Rxc1 22. Rxc1 Bxg3 23. hxg3 Qxd5 24. Qxd5 Rxd5 25. g4 h5 26. gxh5 Re5 27.
Kf2 Rxh5 28. Bd2 Be6 29. Bf4 Rf5 30. Bd2 Bc4 31. e4 Rh5 32. Bf4 g5 33. Rg1 f6
34. Bg3 Kf7 35. b4 Rh8 36. Ke3 Rd8 37. Ra1 Rd3+ 38. Kf2 Ke6 39. Bh2 Rd2+ 40.
Kg3 Ke5 41. Kh3+ Kd4 42. Bg3 Be6# 0-1

[Event "CAN-op U1600"]
[Site "Windsor CAN"]
[Date "2016.07.10"]
[Round "1.49"]
[White "Wang, Kevin"]
[Black "Bui, Alan"]
[Result "0-1"]
[WhiteElo "1019"]
[BlackElo "1392"]
[PlyCount "59"]
[EventDate "2016.07.10"]
[EventType "swiss"]
[EventRounds "9"]
[EventCountry "CAN"]

1. d4 Nf6 2. c4 e6 3. Nf3 b6 4. Nc3 Bb4 5. Bd2 O-O 6. e3 Bb7 7. Bd3 d5 8. cxd5
exd5 9. O-O Nbd7 10. a3 Bxc3 11. Bxc3 c5 12. dxc5 bxc5 13. Qc2 Rc8 14. Bf5 d4
15. Bd2 Re8 16. exd4 cxd4 17. Qd3 Bxf3 18. Qxf3 Ne5 19. Qd1 Rb8 20. b4 Nc4 21.
Bf4 Rb6 22. Qc2 Rc6 23. Rac1 Ne5 24. Qd2 Rxc1 25. Rxc1 Qd5 26. Bh3 Ne4 27. Qe1
Nd3 28. Rc5 Qxc5 29. Qe2 Nxf4 30. Qg4 0-1

[Event "CAN-op U1600"]
[Site "Windsor CAN"]
[Date "2016.07.10"]
[Round "1.50"]
[White "Mandell, Ed"]
[Black "Farkas, Jezzel"]
[Result "0-1"]
[WhiteElo "1416"]
[BlackElo "998"]
[PlyCount "83"]
[EventDate "2016.07.10"]
[EventType "swiss"]
[EventRounds "9"]
[EventCountry "CAN"]

1. d4 Nf6 2. e3 g6 3. Nd2 Bg7 4. b3 O-O 5. Bb2 d6 6. Be2 c5 7. c3 Nc6 8. d5
Nxd5 9. Rc1 Bd7 10. Rc2 a6 11. Nc4 Nb6 12. Nf3 Nxc4 13. Bxc4 Qc7 14. Rd2 Ne5
15. Nxe5 Bxe5 16. f4 Bg7 17. O-O Bc6 18. Be2 Rad8 19. Bf3 Bxf3 20. Qxf3 b5 21.
Rc1 Qb6 22. c4 Qa5 23. Qe2 Bxb2 24. Rxb2 b4 25. Rd2 Qc7 26. Rcd1 e6 27. g3 Qc6
28. e4 Rd7 29. e5 Rfd8 30. Qg2 Qxg2+ 31. Kxg2 d5 32. Kf3 Kf8 33. Kg4 h6 34. h4
Ke7 35. h5 dxc4 36. Rxd7+ Rxd7 37. Rxd7+ Kxd7 38. bxc4 a5 39. hxg6 fxg6 40. Kf3
a4 41. Ke3 b3 42. axb3 0-1

[Event "CAN-op U1600"]
[Site "Windsor CAN"]
[Date "2016.07.11"]
[Round "2.44"]
[White "Bui, Alan"]
[Black "Kubik, Rob"]
[Result "1-0"]
[WhiteElo "1392"]
[BlackElo "1571"]
[PlyCount "89"]
[EventDate "2016.07.10"]
[EventType "swiss"]
[EventRounds "9"]
[EventCountry "CAN"]

1. d4 d5 2. Nf3 e6 3. Bf4 Nf6 4. e3 Bd6 5. Bg3 b6 6. Bd3 Ba6 7. Nbd2 Bxd3 8.
cxd3 Nbd7 9. O-O O-O 10. Ne5 Nb8 11. Rc1 c5 12. Ndf3 Nh5 13. Bh4 Be7 14. Bxe7
Qxe7 15. Nd2 Nf6 16. dxc5 bxc5 17. Nb3 Nbd7 18. Nc6 Qd6 19. Nca5 Rab8 20. Qe2
Rfc8 21. Rfd1 Qa6 22. Rc2 c4 23. dxc4 dxc4 24. Rxc4 Rxc4 25. Qxc4 Qb6 26. Nc6
Re8 27. Ncd4 Qd6 28. Qc2 Ng4 29. Nf3 Qe7 30. Qc7 Ngf6 31. Qxa7 Rd8 32. Qa5 Rc8
33. Qd2 Nb6 34. Qd4 Qc7 35. g3 h6 36. Rc1 Qb7 37. Rxc8+ Nxc8 38. Qd8+ Kh7 39.
Nfd4 Nb6 40. Nc5 Qa7 41. Nc6 Qxa2 42. Qxb6 Qb1+ 43. Kg2 Ng4 44. Qb3 Qf5 45. Qd3
1-0

[Event "CAN-op U1600"]
[Site "Windsor CAN"]
[Date "2016.07.11"]
[Round "2.45"]
[White "Farkas, Jezzel"]
[Black "Young, John"]
[Result "0-1"]
[WhiteElo "998"]
[BlackElo "1469"]
[PlyCount "56"]
[EventDate "2016.07.10"]
[EventType "swiss"]
[EventRounds "9"]
[EventCountry "CAN"]

1. d4 d6 2. c4 e5 3. dxe5 dxe5 4. Qxd8+ Kxd8 5. Nc3 Be6 6. e4 c6 7. Be3 Nd7 8.
O-O-O Kc7 9. Nf3 f6 10. h3 a5 11. Be2 Bb4 12. Kc2 Bc5 13. Bxc5 Nxc5 14. b3 Ne7
15. a3 Nc8 16. Kb2 Nb6 17. b4 axb4 18. axb4 Nca4+ 19. Nxa4 Rxa4 20. Kb3 Rha8
21. Nd2 Ra2 22. Nb1 Rxe2 23. Na3 Rxe4 24. Rc1 Rd8 25. Rc2 Rd3+ 26. Rc3 Rxc3+
27. Kxc3 Nxc4 28. Nxc4 Rxc4+ 0-1

[Event "CAN-op U1600"]
[Site "Windsor CAN"]
[Date "2016.07.11"]
[Round "2.46"]
[White "Dimou, Tom"]
[Black "Koltai, Dora"]
[Result "0-1"]
[WhiteElo "1458"]
[BlackElo "1446"]
[PlyCount "99"]
[EventDate "2016.07.10"]
[EventType "swiss"]
[EventRounds "9"]
[EventCountry "CAN"]

1. e4 e5 2. Nf3 Nf6 3. Nxe5 d6 4. Nf3 Nxe4 5. d4 d5 6. Bd3 Nc6 7. O-O Be7 8. c3
Bg4 9. Nbd2 Nf6 10. Re1 O-O 11. Qc2 h6 12. Nh4 Qd6 13. Nf1 Ne4 14. Bxe4 Bxh4
15. Bh7+ Kh8 16. Bd3 Rae8 17. Bd2 Qf6 18. Ng3 Bg5 19. Bxg5 Qxg5 20. f3 Bd7 21.
Qf2 Qf6 22. f4 Ne7 23. Nh5 Qd6 24. f5 Nc6 25. f6 g6 26. Ng7 Rc8 27. Qh4 Kh7 28.
Nf5 Bxf5 29. Bxf5 gxf5 30. Re3 Rg8 31. Rae1 Rg4 32. Qh5 Qxf6 33. Rf3 Rg5 34.
Qh3 Qg6 35. Ref1 Rh5 36. Qg3 Qxg3 37. Rxg3 Re8 38. Rgf3 Kg6 39. h3 Re2 40. g4
Rg5 41. Kh1 Ne7 42. Rf4 Re3 43. Kh2 Re2+ 44. Kg3 Re3+ 45. Kh4 Kf6 46. gxf5
Nxf5+ 47. Rxf5+ Rxf5 48. Rg1 Rf4+ 49. Rg4 Rxg4+ 50. hxg4 0-1

[Event "CAN-op U1600"]
[Site "Windsor CAN"]
[Date "2016.07.11"]
[Round "2.47"]
[White "Leaden, Bruce"]
[Black "Belanger, Robin"]
[Result "0-1"]
[WhiteElo "1509"]
[BlackElo "1452"]
[PlyCount "74"]
[EventDate "2016.07.10"]
[EventType "swiss"]
[EventRounds "9"]
[EventCountry "CAN"]

1. e4 g6 2. Nc3 Bg7 3. d4 d6 4. Nf3 Nf6 5. h3 O-O 6. Bd3 Nc6 7. O-O e5 8. Ne2
exd4 9. Nexd4 Nb4 10. Bd2 a5 11. a3 Nxd3 12. cxd3 a4 13. Rc1 c5 14. Ne2 Be6 15.
Be3 Bb3 16. Qd2 Re8 17. e5 dxe5 18. Rxc5 e4 19. Ne1 exd3 20. Nc3 Ne4 21. Nxe4
Rxe4 22. Qxd3 Qe7 23. Rc3 Rd8 24. Rxb3 Rxd3 25. Rxd3 Bxb2 26. Nc2 Qc7 27. Nb4
Qc4 28. Rfd1 Bxa3 29. Rd8+ Kg7 30. Bd4+ Kh6 31. Be3+ Rxe3 32. fxe3 Qxb4 33.
R8d7 Qe4 34. Rxf7 Qxe3+ 35. Kh2 Bc5 36. Rf3 Qe5+ 37. Kh1 Bd6 0-1

[Event "CAN-op U1600"]
[Site "Windsor CAN"]
[Date "2016.07.11"]
[Round "2.48"]
[White "Su, Ethan"]
[Black "Kocela, Manuel"]
[Result "1-0"]
[WhiteElo "1106"]
[BlackElo "1389"]
[PlyCount "131"]
[EventDate "2016.07.10"]
[EventType "swiss"]
[EventRounds "9"]
[EventCountry "CAN"]

1. e4 e5 2. Nf3 Nc6 3. d4 a6 4. d5 Na7 5. Nxe5 Qf6 6. Nf3 Bc5 7. Nc3 d6 8. h3
h6 9. Bd3 Bd7 10. Qe2 Qe7 11. a3 Nf6 12. b4 Bb6 13. a4 Nc8 14. a5 Ba7 15. O-O
Nh5 16. Be3 Ng3 17. fxg3 Bxe3+ 18. Qxe3 Na7 19. Rfe1 Nb5 20. Nxb5 Bxb5 21.
Bxb5+ axb5 22. e5 O-O 23. exd6 Qxd6 24. Qf4 Rad8 25. Qxd6 Rxd6 26. Rad1 Rfd8
27. Re7 R8d7 28. Rxd7 Rxd7 29. Rd3 f6 30. Nd2 Re7 31. Kf2 Kf7 32. d6 cxd6 33.
Rxd6 Rc7 34. Rb6 Rxc2 35. Ke2 Rc7 36. Rxb5 Kg6 37. Rc5 Re7+ 38. Kf2 Rd7 39. Rc2
Rd6 40. Ne4 Rd4 41. Nc5 Rxb4 42. a6 bxa6 43. Nxa6 Ra4 44. Nc5 Rd4 45. Ne6 Ra4
46. Nf4+ Kg5 47. Rc5+ f5 48. Ne2 h5 49. Rc6 g6 50. Nf4 Kh6 51. Rxg6+ Kh7 52.
Rg5 Ra5 53. Rxh5+ Kg7 54. g4 Ra2+ 55. Kg3 fxg4 56. Kxg4 Ra3 57. g3 Ra4 58. h4
Ra3 59. Rg5+ Kh6 60. Rg6+ Kh7 61. h5 Ra4 62. Kh3 Ra3 63. Kh4 Ra4 64. Kg4 Ra6
65. Kh3 Ra5 66. Kh4 1-0

[Event "CAN-op U1600"]
[Site "Windsor CAN"]
[Date "2016.07.11"]
[Round "2.49"]
[White "Thanabalachandran, Luxiga"]
[Black "Mandell, Ed"]
[Result "0-1"]
[WhiteElo "1142"]
[BlackElo "1416"]
[PlyCount "72"]
[EventDate "2016.07.10"]
[EventType "swiss"]
[EventRounds "9"]
[EventCountry "CAN"]

1. e4 e5 2. Nf3 d5 3. Nc3 Nf6 4. exd5 Bd6 5. Bc4 O-O 6. O-O e4 7. Ng5 Bxh2+ 8.
Kh1 Ng4 9. d3 e3 10. Bxe3 Nxe3 11. fxe3 Qxg5 12. Kxh2 Qxe3 13. Qf3 Qh6+ 14. Kg1
Nd7 15. Rae1 Nf6 16. Ne4 Nxe4 17. Qxe4 Qb6+ 18. Re3 Qxb2 19. Qe8 Qb6 20. Rf2
Qd6 21. Rxf7 Rxe8 22. Rxe8+ Kxf7 23. Re1 Bf5 24. Rf1 Kg6 25. Re1 Rf8 26. c3 Qg3
27. Rf1 Rf6 28. Rf3 Qe1+ 29. Kh2 Qxc3 30. Rg3+ Kh6 31. Rf3 Qe5+ 32. Kg1 Qd4+
33. Kh1 Bg4 34. Rg3 Qf4 35. Kh2 Rf5 36. Kg1 Qxg3 0-1

[Event "CAN-op U1600"]
[Site "Windsor CAN"]
[Date "2016.07.11"]
[Round "2.50"]
[White "Thomson, Bruce"]
[Black "Gaur, Shivan"]
[Result "1/2-1/2"]
[WhiteElo "1413"]
[BlackElo "1267"]
[PlyCount "88"]
[EventDate "2016.07.10"]
[EventType "swiss"]
[EventRounds "9"]
[EventCountry "CAN"]

1. d4 Nf6 2. c4 e6 3. Nc3 Bb4 4. Qc2 d5 5. a3 Bxc3+ 6. Qxc3 dxc4 7. Qxc4 O-O 8.
Nf3 b6 9. g3 Bb7 10. Bg2 Nbd7 11. O-O c5 12. Bg5 Rc8 13. Rfd1 Qe7 14. Ne5 Bxg2
15. Kxg2 Rfd8 16. Qa4 Nxe5 17. dxe5 Rxd1 18. Rxd1 Qb7+ 19. f3 Nd5 20. e4 Nc7
21. Qd7 h6 22. Bd8 Qb8 23. Bxc7 Qxc7 24. Qxc7 Rxc7 25. Rc1 c4 26. Rc2 b5 27.
Kf2 Kf8 28. Ke2 Rd7 29. Rd2 Rc7 30. Rc2 a5 31. h4 Ke8 32. f4 Kd8 33. g4 b4 34.
axb4 axb4 35. Rd2+ Rd7 36. Rd6 Kc8 37. Rc6+ Rc7 38. Rxc7+ Kxc7 39. h5 Kc6 40.
f5 exf5 41. gxf5 Kc5 42. Kd2 Kc6 43. Ke3 Kc5 44. Kd2 Kc6 1/2-1/2

[Event "CAN-op U1600"]
[Site "Windsor CAN"]
[Date "2016.07.11"]
[Round "2.51"]
[White "Mathews, Joshua"]
[Black "Wang, Kevin"]
[Result "1/2-1/2"]
[WhiteElo "1366"]
[BlackElo "1019"]
[PlyCount "100"]
[EventDate "2016.07.10"]
[EventType "swiss"]
[EventRounds "9"]
[EventCountry "CAN"]

1. e4 c5 2. Nf3 d6 3. Bb5+ Bd7 4. Bxd7+ Qxd7 5. O-O Nf6 6. Re1 Nc6 7. c3 e5 8.
d4 cxd4 9. cxd4 exd4 10. Nxd4 Ne5 11. Bf4 g6 12. Nc3 Bg7 13. Bxe5 dxe5 14. Nf3
Qe7 15. Qa4+ Qd7 16. Nxe5 Qxa4 17. Nxa4 O-O 18. Nc3 Rfe8 19. Nf3 Nd7 20. Rab1
Rac8 21. Nb5 Red8 22. b3 a6 23. Nbd4 Nc5 24. Rbd1 Re8 25. e5 f6 26. exf6 Bxf6
27. Rxe8+ Rxe8 28. Nc2 Rd8 29. Rxd8+ Bxd8 30. b4 Nd3 31. Kf1 Bb6 32. Nfd4 Nxb4
33. Nxb4 Bxd4 34. Nc2 Bc5 35. Ke2 Kf7 36. Ne3 Ke6 37. Kd3 Bxe3 38. fxe3 Ke5 39.
Kc4 Kd6 40. Kd4 a5 41. e4 a4 42. a3 h6 43. e5+ Ke6 44. h4 g5 45. h5 g4 46. g3
b6 47. Kc4 Kxe5 48. Kb4 b5 49. Kxb5 Ke4 50. Kxa4 Kf3 1/2-1/2

[Event "CAN-op U1600"]
[Site "Windsor CAN"]
[Date "2016.07.12"]
[Round "3.44"]
[White "Koltai, Dora"]
[Black "Young, John"]
[Result "1/2-1/2"]
[WhiteElo "1446"]
[BlackElo "1469"]
[PlyCount "81"]
[EventDate "2016.07.10"]
[EventType "swiss"]
[EventRounds "9"]
[EventCountry "CAN"]

1. e4 d6 2. d4 Nf6 3. Nc3 e5 4. dxe5 dxe5 5. Qxd8+ Kxd8 6. Bg5 Be6 7. O-O-O+
Nbd7 8. Nf3 Kc8 9. Bh4 c6 10. Bg3 Bc5 11. Nxe5 Nxe5 12. Bxe5 Bxf2 13. Bxf6 gxf6
14. Bd3 Rg8 15. g3 Bh3 16. Bf1 Bg4 17. Be2 Bh3 18. Rd6 Be6 19. Kb1 Bc5 20. Rd3
b5 21. Bf3 Bc4 22. Rdd1 Kc7 23. Be2 Be6 24. Rhf1 Be7 25. Rf4 a5 26. Rff1 a4 27.
Rd2 b4 28. Nd1 Rgb8 29. Ne3 b3 30. Bc4 bxa2+ 31. Ka1 Bxc4 32. Nxc4 Rb4 33. Rfd1
Rxc4 34. Rd7+ Kb6 35. Rxe7 Rxc2 36. Rxf7 Rxh2 37. Rxf6 a3 38. b3 Rg8 39. Rf3
Rg4 40. Re1 h5 41. e5 1/2-1/2

[Event "CAN-op U1600"]
[Site "Windsor CAN"]
[Date "2016.07.12"]
[Round "3.45"]
[White "Belanger, Robin"]
[Black "Bui, Alan"]
[Result "1-0"]
[WhiteElo "1452"]
[BlackElo "1392"]
[PlyCount "63"]
[EventDate "2016.07.10"]
[EventType "swiss"]
[EventRounds "9"]
[EventCountry "CAN"]

1. e4 e5 2. Nc3 Nf6 3. f4 d5 4. fxe5 Nxe4 5. Nf3 Bg4 6. d3 Nxc3 7. bxc3 d4 8.
cxd4 Bb4+ 9. Bd2 Bxd2+ 10. Kxd2 Bxf3 11. Qxf3 Qxd4 12. c3 Qb6 13. Kc2 Nc6 14.
d4 Qa5 15. Bc4 O-O-O 16. Rhd1 Rhf8 17. Rab1 Qa4+ 18. Bb3 Qa5 19. e6 Rd6 20.
exf7 Qg5 21. Qe4 Qf6 22. Qe8+ Rd8 23. Be6+ Kb8 24. Rxb7+ Ka8 25. Qxc6 Qf2+ 26.
Rd2 Rd6 27. Rxa7+ Kxa7 28. Qxc7+ Ka8 29. Qxd6 Rxf7 30. Qd5+ Kb8 31. Bxf7 Qf6
32. Qe5+ 1-0

[Event "CAN-op U1600"]
[Site "Windsor CAN"]
[Date "2016.07.12"]
[Round "3.46"]
[White "Kubik, Rob"]
[Black "Su, Ethan"]
[Result "0-1"]
[WhiteElo "1571"]
[BlackElo "1106"]
[PlyCount "36"]
[EventDate "2016.07.10"]
[EventType "swiss"]
[EventRounds "9"]
[EventCountry "CAN"]

1. d4 Nf6 2. Bf4 g6 3. Nf3 Bg7 4. e3 O-O 5. Be2 d6 6. Nbd2 Re8 7. c3 Nbd7 8.
Nb3 b6 9. h4 Nh5 10. Bg3 e5 11. dxe5 dxe5 12. Nfd2 Nxg3 13. fxg3 Bb7 14. e4 Nf6
15. Bf3 Qd3 16. Nc1 Qe3+ 17. Ne2 Nxe4 18. Nf1 Qf2# 0-1

[Event "CAN-op U1600"]
[Site "Windsor CAN"]
[Date "2016.07.12"]
[Round "3.47"]
[White "Mandell, Ed"]
[Black "Dimou, Tom"]
[Result "0-1"]
[WhiteElo "1416"]
[BlackElo "1458"]
[PlyCount "88"]
[EventDate "2016.07.10"]
[EventType "swiss"]
[EventRounds "9"]
[EventCountry "CAN"]

1. d4 Nf6 2. b3 d5 3. Nf3 e6 4. Bb2 Nbd7 5. e3 Bd6 6. Ne5 O-O 7. Bd3 c6 8. O-O
Qc7 9. f4 Re8 10. Nd2 c5 11. c3 b6 12. Qf3 Nf8 13. Ng4 Qe7 14. Qh3 Nxg4 15.
Qxg4 e5 16. Qg3 exd4 17. Rae1 dxe3 18. c4 d4 19. Ne4 Ng6 20. Nxd6 Qxd6 21. Qf3
Bd7 22. h3 Bc6 23. Qg3 Be4 24. Bb1 Bxb1 25. Rxb1 e2 26. Rfe1 Qxf4 27. Qf2 Qxf2+
28. Kxf2 Nf4 29. Kf3 Nd3 30. Rxe2 Rxe2 31. Kxe2 Nxb2 32. Rxb2 Re8+ 33. Kd3 Re3+
34. Kd2 f5 35. Kd1 Kf7 36. Rf2 Kf6 37. h4 g5 38. g4 f4 39. Kd2 h6 40. Rh2 f3
41. h5 Ke5 42. Rh1 Kf4 43. Rg1 f2 44. Rf1 Kf3 0-1

[Event "CAN-op U1600"]
[Site "Windsor CAN"]
[Date "2016.07.12"]
[Round "3.48"]
[White "Kocela, Manuel"]
[Black "Farkas, Jezzel"]
[Result "0-1"]
[WhiteElo "1389"]
[BlackElo "998"]
[PlyCount "93"]
[EventDate "2016.07.10"]
[EventType "swiss"]
[EventRounds "9"]
[EventCountry "CAN"]

1. d4 Nf6 2. Nc3 d5 3. Bf4 Bf5 4. e3 e6 5. h3 Bd6 6. g4 Bg6 7. Bd3 Bxf4 8. exf4
Bxd3 9. Qxd3 h6 10. O-O-O Nc6 11. Nf3 Qe7 12. Ne5 Nxe5 13. fxe5 Nd7 14. h4
O-O-O 15. a3 a6 16. Na4 g5 17. h5 f6 18. Rhe1 fxe5 19. f3 exd4 20. Qxd4 Qf7 21.
Rd3 Rde8 22. Kb1 b6 23. Nc3 Qf6 24. Qe3 Rhf8 25. Qe2 Nc5 26. Rdd1 Qxf3 27. Qxf3
Rxf3 28. Nxd5 Rg3 29. Nf6 Rf8 30. Ne4 Nxe4 31. Rxe4 Rf6 32. Red4 Rgf3 33. R1d3
Rxd3 34. cxd3 Kb7 35. Re4 c5 36. Kc2 Kc6 37. Kc3 Kd6 38. b4 e5 39. a4 Rf4 40.
bxc5+ bxc5 41. a5 Kc6 42. Kc4 Kd6 43. Kc3 Kd5 44. Rc4 Rxc4+ 45. dxc4+ Ke4 46.
Kd2 Kf3 47. Kd3 0-1